| 000 | 00565nam a2200205Ia 4500 | ||
|---|---|---|---|
| 001 | 18718 | ||
| 003 | GE_BSU | ||
| 008 | 181216s||||||||xx |||||||||||||| ||und|| | ||
| 040 | _cGE_BSU | ||
| 080 | _awww.rusvrach.ru | ||
| 245 | _aВрач. №9. 2016. | ||
| 245 | _bЕжемесячн. научно-практич. и публицистич. журнал | ||
| 245 | _cГл.ред. И.Н. Денисов | ||
| 260 | _aМосква | ||
| 260 | _bрусский врач | ||
| 260 | _c2016 | ||
| 300 | _a88ст;ил,29см. | ||
| 653 | _aВрач | ||
| 942 | _cCR | ||
| 999 |
_c51726 _d51726 |
||